Comportamiento al fuego de materiales y estructuras

Guardat en:
Dades bibliogràfiques
Autors principals: Elvira Martín, Luis M (Autor), Jiménez Peris, Francisco J (Autor)
Format: Llibre
Idioma:espanyol
Publicat: Madrid Ministerio de Agricultura, Pesca y Alimentación 1982
Col·lecció:Colección Monografías I.N.I.A., 37
Matèries:
Etiquetes: Afegir etiqueta
Sense etiquetes, Sigues el primer a etiquetar aquest registre!

MARC

LEADER 00000nam a2200000 a 4500
001 UCN8887
003 CL-VaPUC
008 011123e19820000SP |||||||||||||||||spa|d
082 0 4 |a 620.11217  |b ELV  |2 21 
100 0 |a Elvira Martín, Luis M  |e author  |9 465459 
700 0 |a Jiménez Peris, Francisco J  |e author  |9 465460 
245 1 0 |a Comportamiento al fuego de materiales y estructuras 
300 |a 285 p 
942 |c BK 
945 |d 20011123 00:00:00  |a vberengu 
260 |a Madrid  |b Ministerio de Agricultura, Pesca y Alimentación  |c 1982 
650 0 |a Propiedades de los materiales  |9 465461 
650 0 |a Resistencia de materiales  |9 260095 
650 7 |a RESISTENCIA AL FUEGO  |2 CL-VaPUC  |9 431264 
650 0 |a Madera  |9 262357 
650 0 |a Metales   |9 260686 
650 0 |a Hormigones  |9 262546 
650 0 |a Muros  |9 267134 
650 7 |a PUERTAS  |2 CL-VaPUC  |9 365498 
650 7 |a PUERTAS DE MADERA  |2 CL-VaPUC  |9 455496 
583 |a last modification  |c 20160921 03:41:33  |k Rodrigo Vera 
490 0 |a Colección Monografías I.N.I.A., 37 
999 |c 298624  |d 298622 
952 |0 0  |1 0  |4 0  |6 620_112170000000000_ELV_1982  |7 0  |8 A  |9 354343  |a BIBING  |b BIBING  |d 2019-11-21  |i 3763978  |o 620.11217 ELV 1982  |p 3763978  |r 2025-01-20  |w 2019-11-21  |y BK  |k CCL